000 00784nam a2200265 i 4500
001 bgj
245 1 0 _aWege der deutschen Literatur :
_bein Lesebuch /
_czusammengestellt von Hermann Glaser, Jakob Lehman, Arno Lubos.
260 _aFrankfurt am Main ;
_aBerlin ;
_aWien :
_bUllstein,
_c1981.
300 _a592 s. ;
_c18 cm.
490 1 _aUllstein Buch
_v35062
504 _aBibliogr. s. 571-582. Indeks.
650 9 _aLiteratura niemiecka
700 1 _aGLASER, Hermann.
700 1 _aLEHMANN, Jakob.
_d(1919- ).
700 1 _aLUBOS, Arno.
_d(1928- ).
830 _aUllstein Buch
020 _a3548350623
040 _cBPK
041 0 _ager
044 _aDEU
080 _a821.112.2
920 _a3-548-35062-3
942 _cKS
008 s gw f |000 0 ger
999 _c50358
_d50358
856 _uhttp://koha.tu.koszalin.pl/cgi-bin/koha/opac-detail.pl?biblionumber=50358
_yKatalog online BPK